000 00618nam a2200193Ia 4500
003 GCL
005 20240530103437.0
008 140319s9999 xx 000 0 ara d
040 _aGCL /
_cGCL
082 0 4 _a247.3
_bم م
100 1 _aمحمد عبده(الامام)
245 1 0 _aالمواجهة : الامام محمد عبده /
_cمحمد عبده(الامام)
300 _a192 ص
650 0 4 _aالاسلام
650 0 4 _aالاسلام والاصلاح الاجتماعى
650 0 4 _aالاسلام والاصلاح السياسى
650 0 4 _aالاجتماع الاسلامى
942 _2ddc
_cBK
999 _c39423
_d39423